La vida de Lazarillo de Tormes: y de sus fortunas y adversidades

Gorde:
Xehetasun bibliografikoak
Egile nagusia: Anónimo
Formatua: Liburua
Hizkuntza:Undetermined
Argitaratua: Madrid, España Espasa-Calpe 1949
Gaiak:
Etiketak: Etiketa erantsi
Etiketarik gabe, Izan zaitez lehena erregistro honi etiketa jartzen!

MARC

LEADER 00000nam a2200000Ia 4500
008 170316s9999 xx 000 0 und d
040 |a cru BVZT 
090 |a 862 A-28v 
100 |a Anónimo 
245 |a La vida de Lazarillo de Tormes: y de sus fortunas y adversidades 
260 |a Madrid, España 
260 |b Espasa-Calpe 
260 |c 1949 
300 |a 255 páginas 
650 |a LITERATURA ESPAÑOLA 
999 |c 9429  |d 9429 
942 |c 15 D  |h 862 A-28v  |2 z